[Event "FIN-chT 2324"]
[Site "Finland"]
[Date "2023.09.24"]
[Round "2.5"]
[White "Koskinen, Henri"]
[Black "Paakkonen, Timo"]
[Result "1/2-1/2"]
[WhiteElo "2184"]
[BlackElo "2228"]
[PlyCount "35"]
[EventDate "2023.09.23"]
[EventType "team-tourn"]
[EventRounds "12"]
[EventCountry "FIN"]
[SourceTitle "EXT 2024"]
[Source "ChessBase"]
[SourceDate "2023.10.10"]
[SourceVersion "1"]
[SourceVersionDate "2023.10.10"]
[SourceQuality "1"]
[WhiteTeam "Vantaa EtVaS"]
[BlackTeam "Helsinki HSC"]
[WhiteTeamCountry "FIN"]
[BlackTeamCountry "FIN"]

1. d4 Nc6 2. c4 e5 3. d5 Nce7 4. Nc3 Ng6 5. g3 Nf6 6. h4 h5 7. Bg2 d6 8. Bg5 Be7 9. Qc2 Ng4 10. Nf3 0-0 11. Bxe7 Nxe7 12. Ng5 Nf5 13. e3 g6 14. Bh3 Ngh6 15. Bg2 Ng4 16. Bh3 Ngh6 17. Bg2 Ng4 18. Bh3 1/2-1/2

[Event "FIN-chT 2022"]
[Site "Finland"]
[Date "2021.11.27"]
[Round "11.3"]
[White "Luukkonen, Tommi"]
[Black "Koskinen, Henri"]
[Result "1-0"]
[WhiteElo "2324"]
[BlackElo "2220"]
[PlyCount "64"]
[EventDate "2020.09.12"]
[EventType "team-tourn"]
[EventRounds "11"]
[EventCountry "FIN"]
[SourceTitle "EXT 2023"]
[Source "ChessBase"]
[SourceDate "2022.10.05"]
[SourceVersion "1"]
[SourceVersionDate "2022.10.05"]
[SourceQuality "1"]
[WhiteTeam "Jyvaskyla JyS"]
[BlackTeam "Vantaa EtVaS"]
[WhiteTeamCountry "FIN"]
[BlackTeamCountry "FIN"]

1. e4 e5 2. Nf3 Nc6 3. Bc4 Nf6 4. Ng5 d5 5. exd5 Na5 6. Bb5+ c6 7. dxc6 bxc6 8. Bd3 Nd5 9. Nf3 Bd6 10. 0-0 0-0 11. Nc3 f5 12. Be2 e4 13. Nd4 Nf4 14. d3 Nxe2+ 15. Ncxe2 Be5 16. dxe4 fxe4 17. Nb3 Nc4 18. Qxd8 Rxd8 19. c3 Be6 20. Nbd4 Bd5 21. b3 Nb6 22. Ba3 Rac8 23. Rad1 Rd7 24. Bc5 g6 25. Rde1 Bf7 26. c4 Kg7 27. a4 Rb7 28. Nc3 Nd7 29. Nxe4 Nxc5 30. Nxc5 Bxd4 31. Nxb7 Rb8 32. Nd6 Rxb3 1-0

[Event "EU-Cup 33rd"]
[Site "Antalya"]
[Date "2017.10.13"]
[Round "6.4"]
[White "Uruci, Endrit"]
[Black "Koskinen, Henri"]
[Result "1/2-1/2"]
[WhiteElo "2111"]
[BlackElo "2283"]
[PlyCount "76"]
[EventDate "2017.10.08"]
[EventType "team-swiss"]
[EventRounds "7"]
[EventCountry "TUR"]
[SourceTitle "CBM 181"]
[Source "ChessBase"]
[SourceDate "2017.11.10"]
[SourceVersion "1"]
[SourceVersionDate "2017.11.10"]
[SourceQuality "1"]
[WhiteTeam "Dardania"]
[BlackTeam "Etela Vantaan"]
[WhiteTeamCountry "KOS"]
[BlackTeamCountry "FIN"]

1. e4 d6 2. c4 Nf6 3. Nc3 e5 4. Nf3 Bg4 5. Be2 Nc6 6. d3 Be7 7. Be3 h6 8. a3 Bxf3 9. Bxf3 Nh7 10. Nd5 Bg5 11. h4 Bxe3 12. fxe3 Ne7 13. Nxe7 Qxe7 14. Qe2 Nf8 15. g4 Ne6 16. 0-0-0 0-0-0 17. Kb1 Kb8 18. Rdf1 Rhf8 19. Qg2 Rde8 20. Qc2 Qd8 21. b4 c5 22. b5 Ka8 23. Kb2 Qa5 24. Qc3 Qxc3+ 25. Kxc3 Kb8 26. Rhg1 f6 27. Bd1 Kc7 28. Bf3 Rd8 29. Ra1 Rh8 30. Bg2 Rde8 31. Bh3 Nf8 32. a4 Ng6 33. h5 Nf8 34. a5 Kd8 35. Rae1 Ne6 36. Bg2 Rhf8 37. Rgf1 Re7 38. Re2 Ree8 1/2-1/2

[Event "EU-Cup 33rd"]
[Site "Antalya"]
[Date "2017.10.08"]
[Round "1.4"]
[White "Rodshtein, Maxim"]
[Black "Koskinen, Henri"]
[Result "1-0"]
[WhiteElo "2699"]
[BlackElo "2283"]
[PlyCount "73"]
[EventDate "2017.10.08"]
[EventType "team-swiss"]
[EventRounds "7"]
[EventCountry "TUR"]
[SourceTitle "CBM 181"]
[Source "ChessBase"]
[SourceDate "2017.11.10"]
[SourceVersion "1"]
[SourceVersionDate "2017.11.10"]
[SourceQuality "1"]
[WhiteTeam "Mednyi Vsadnik"]
[BlackTeam "Etela Vantaan"]
[WhiteTeamCountry "RUS"]
[BlackTeamCountry "FIN"]

1. d4 d5 2. c4 c6 3. Nf3 Nf6 4. g3 Bf5 5. Nc3 e6 6. Nh4 Bg6 7. Nxg6 hxg6 8. Qd3 Nbd7 9. Bg2 Bd6 10. 0-0 0-0 11. Rd1 Rc8 12. Bg5 Qe8 13. Rac1 Nh7 14. Bd2 Nhf6 15. a3 dxc4 16. Qxc4 e5 17. dxe5 Nxe5 18. Qb3 b6 19. h3 Ned7 20. Qc2 Qe6 21. e3 Rfd8 22. Ne2 c5 23. Qa4 Bb8 24. Bc3 Ne5 25. Nf4 Qe8 26. Qxe8+ Rxe8 27. b3 Kf8 28. Nd5 g5 29. Nxf6 gxf6 30. f4 Ng6 31. Kf2 gxf4 32. exf4 f5 33. h4 Rcd8 34. Bc6 Rxd1 35. Rxd1 Rc8 36. Bd7 Rd8 37. Bf6 1-0

[Event "EU-ch Seniors 50 17h"]
[Site "Sabadell"]
[Date "2017.08.18"]
[Round "7"]
[White "Koskinen, Henri"]
[Black "Druckenthaner, Andreas"]
[Result "1-0"]
[WhiteElo "2256"]
[BlackElo "2278"]
[PlyCount "141"]
[EventDate "2017.08.12"]
[EventType "swiss"]
[EventRounds "9"]
[EventCountry "ESP"]
[SourceTitle "CBM 180 Extra"]
[Source "ChessBase"]
[SourceDate "2017.10.06"]
[SourceVersion "1"]
[SourceVersionDate "2017.10.06"]
[SourceQuality "1"]

1. Nf3 f5 2. g3 Nf6 3. Bg2 d6 4. d4 e6 5. 0-0 Be7 6. c4 0-0 7. Nc3 Ne4 8. Nxe4 fxe4 9. Nd2 d5 10. f3 Nc6 11. fxe4 Rxf1+ 12. Kxf1 dxc4 13. Nf3 Rb8 14. Be3 b5 15. Kg1 a6 16. Qd2 Qe8 17. b3 cxb3 18. axb3 Bb7 19. Bh3 Nd8 20. Qc2 c5 21. dxc5 Qg6 22. Nd4 Bxe4 23. Qc1 Qh5 24. Bg2 Bxg2 25. Kxg2 Bxc5 26. Nf3 Bxe3 27. Qxe3 Qd5 28. Rxa6 Nc6 29. Ra2 Rf8 30. Rd2 Qf5 31. Rd6 Nd8 32. Qd3 Qxd3 33. exd3 Nf7 34. Rxe6 Rd8 35. d4 g5 36. h3 Kg7 37. Rc6 h5 38. Rc5 Kf6 39. g4 hxg4 40. hxg4 Rb8 41. b4 Rb6 42. Rf5+ Kg6 43. Kf2 Ra6 44. Rxb5 Ra2+ 45. Kg3 Ra3 46. Rc5 Kf6 47. Kg2 Ra2+ 48. Kf1 Ra1+ 49. Ke2 Ra2+ 50. Kd3 Rg2 51. Rf5+ Ke7 52. Ne5 Rg3+ 53. Ke2 Nd6 54. Rxg5 Ne4 55. Rg6 Nc3+ 56. Ke1 Nb5 57. Kf2 Rb3 58. d5 Rxb4 59. Rb6 Rb2+ 60. Kg3 Rb3+ 61. Kf4 Nd4 62. Rxb3 Nxb3 63. Nc4 Nc5 64. Kf5 Nb7 65. g5 Kf7 66. d6 Nd8 67. Ne5+ Kg7 68. Nf3 Nc6 69. Ke6 Nd8+ 70. Ke7 Nc6+ 71. Ke8 1-0

[Event "FIN-chT 1516"]
[Site "Finland"]
[Date "2016.02.06"]
[Round "7.6"]
[White "Koskinen, Henri"]
[Black "Nivala, Tuomas"]
[Result "0-1"]
[WhiteElo "2237"]
[BlackElo "2215"]
[PlyCount "78"]
[EventDate "2015.09.12"]
[EventType "team-tourn"]
[EventRounds "11"]
[EventCountry "FIN"]
[SourceTitle "CBM 170 Extra"]
[Source "ChessBase"]
[SourceDate "2016.02.25"]
[SourceVersion "1"]
[SourceVersionDate "2016.02.25"]
[SourceQuality "1"]
[WhiteTeam "Vantaa EtVaS"]
[BlackTeam "Jyvaskyla JyS"]
[WhiteTeamCountry "FIN"]
[BlackTeamCountry "FIN"]

1. Nf3 d5 2. g3 c6 3. Bg2 Bf5 4. 0-0 Nf6 5. d3 h6 6. c4 dxc4 7. dxc4 Qxd1 8. Rxd1 Nbd7 9. Nd4 Be4 10. f3 e5 11. Nb3 Bc2 12. Re1 Bf5 13. Be3 a5 14. a4 Bb4 15. Rc1 Be6 16. Bf2 Ke7 17. e4 g5 18. N1d2 b6 19. Nf1 Rhd8 20. Rc2 Nc5 21. Nxc5 Bxc5 22. Bxc5+ bxc5 23. Rc3 Rab8 24. b3 Rd4 25. Re1 Ne8 26. Kf2 Nc7 27. Ne3 Kf6 28. Nc2 Rd2+ 29. Re2 Rbd8 30. f4 Rxe2+ 31. Kxe2 gxf4 32. gxf4 exf4 33. e5+ Kxe5 34. Bxc6 Bg4+ 35. Bf3 Bxf3+ 36. Rxf3 Ke4 37. Rh3 Ne6 38. Rxh6 f3+ 39. Ke1 f2+ 0-1

[Event "FIN-chT 1516"]
[Site "Finland"]
[Date "2015.11.06"]
[Round "9.6"]
[White "Koskinen, Henri"]
[Black "Ahvenjarvi, Jani"]
[Result "1/2-1/2"]
[WhiteElo "2237"]
[BlackElo "2276"]
[PlyCount "44"]
[EventDate "2015.09.12"]
[EventType "team-tourn"]
[EventRounds "11"]
[EventCountry "FIN"]
[SourceTitle "EXT 2017"]
[Source "ChessBase"]
[SourceDate "2016.10.25"]
[SourceVersion "1"]
[SourceVersionDate "2016.10.25"]
[SourceQuality "1"]
[WhiteTeam "Vantaa EtVaS"]
[BlackTeam "Tampere Tammer"]
[WhiteTeamCountry "FIN"]
[BlackTeamCountry "FIN"]

1. c4 c5 2. Nf3 Nc6 3. e3 Nf6 4. Nc3 e6 5. d4 d5 6. a3 a6 7. dxc5 Bxc5 8. b4 Bd6 9. Bb2 0-0 10. Rc1 dxc4 11. Bxc4 Qe7 12. 0-0 Rd8 13. Qc2 Bd7 14. Ne4 Nxe4 15. Qxe4 Kh8 16. Qg4 e5 17. Qh5 f6 18. Rfd1 Be8 19. Qg4 Bd7 20. Qh5 Be8 21. Qg4 Bd7 22. Qh5 Be8 1/2-1/2

[Event "FIN Team Cup"]
[Site "Finland"]
[Date "2014.05.10"]
[Round "3.2"]
[White "Heikkinen, Jyrki"]
[Black "Koskinen, Henri"]
[Result "0-1"]
[WhiteElo "2062"]
[BlackElo "2241"]
[PlyCount "94"]
[EventDate "2014.03.29"]
[EventType "team-k.o."]
[EventRounds "6"]
[EventCountry "FIN"]
[SourceTitle "EXT 2022"]
[Source "ChessBase"]
[SourceDate "2021.10.06"]
[SourceVersion "1"]
[SourceVersionDate "2021.10.06"]
[SourceQuality "1"]
[WhiteTeam "Helsinki LauttSK"]
[BlackTeam "Vantaa EtVaS"]
[WhiteTeamCountry "FIN"]
[BlackTeamCountry "FIN"]

1. d4 d5 2. e4 e6 3. c4 dxe4 4. Nc3 Bb4 5. Qb3 Nc6 6. Be3 Nf6 7. 0-0-0 Qe7 8. Be2 b6 9. a3 Bxc3 10. Qxc3 Bb7 11. h4 0-0-0 12. Rh3 h6 13. f3 g6 14. Qc2 Nb8 15. Qa4 a5 16. f4 h5 17. g3 Qd7 18. Qc2 Nc6 19. Qc3 Ng4 20. Bxg4 hxg4 21. Rh1 Ne7 22. Ne2 Nf5 23. Rhe1 Qa4 24. Bg1 Ba6 25. c5 Qc4 26. cxb6 cxb6 27. Qxc4+ Bxc4 28. Nc3 Nxg3 29. Nxe4 Nxe4 30. Rxe4 Bd5 31. Re3 Rxh4 32. b4 a4 33. Rd2 Kb7 34. Kb2 Rh3 35. Rdd3 Rh1 36. Rg3 Bf3 37. Rc3 Rd5 38. Kc2 Rdh5 39. Kd2 f5 40. b5 Bd5 41. Rc1 R5h3 42. Rcc3 Rxg3 43. Rxg3 Bf3 44. Kc3 Bd5 45. Kb4 Bb3 46. Bf2 Rh2 47. Be3 Rc2 0-1

[Event "FIN-chT 1314"]
[Site "Finland"]
[Date "2014.03.07"]
[Round "9.7"]
[White "Nevanlinna, Risto"]
[Black "Koskinen, Henri"]
[Result "0-1"]
[WhiteElo "2231"]
[BlackElo "2233"]
[PlyCount "128"]
[EventDate "2013.09.21"]
[EventType "team-tourn"]
[EventRounds "11"]
[EventCountry "FIN"]
[SourceTitle "EXT 2015"]
[Source "ChessBase"]
[SourceDate "2014.11.20"]
[SourceVersion "1"]
[SourceVersionDate "2014.11.20"]
[SourceQuality "1"]
[WhiteTeam "Jyvaskyla JyS"]
[BlackTeam "Vantaa EtVaS"]
[WhiteTeamCountry "FIN"]
[BlackTeamCountry "FIN"]

1. e4 e5 2. Nf3 Nc6 3. Bb5 a6 4. Ba4 Nf6 5. 0-0 Be7 6. Re1 b5 7. Bb3 d6 8. c3 0-0 9. h3 Na5 10. Bc2 c5 11. d4 Bb7 12. d5 Nc4 13. a4 Nb6 14. axb5 axb5 15. Rxa8 Qxa8 16. Nbd2 Re8 17. Nf1 g6 18. Ng3 Bf8 19. Nh2 Bg7 20. f4 exf4 21. Bxf4 Nc4 22. b3 Ne5 23. Bxe5 Rxe5 24. Bd3 Qa5 25. c4 Re8 26. Nf3 bxc4 27. bxc4 Nd7 28. Rf1 Ne5 29. Nxe5 Bxe5 30. Ne2 Qc7 31. Qc2 Ra8 32. Kh1 Qe7 33. Ng1 Bg7 34. Nf3 Bc8 35. Rb1 h6 36. Qb3 Kh7 37. Rf1 Qc7 38. Rb1 Ra1 39. Rxa1 Bxa1 40. Qa4 Bf6 41. Qa8 Kg7 42. Bc2 Qb7 43. Qxb7 Bxb7 44. Kg1 Bb2 45. Kf2 Kf6 46. Ke3 Bc8 47. Bd1 g5 48. Nh2 Bc1+ 49. Kd3 Kg6 50. Bg4 f5 51. Bxf5+ Bxf5 52. exf5+ Kxf5 53. g3 h5 54. Kc2 Be3 55. g4+ hxg4 56. Nxg4 Bd4 57. Kd3 Kf4 58. Nh6 Bg7 59. Nf7 Bf8 60. Nd8 Be7 61. Nf7 Kg3 62. Ke4 Kxh3 63. Nh8 g4 64. Kf5 g3 0-1

[Event "FIN-chT 1213"]
[Site "Finland"]
[Date "2013.02.09"]
[Round "10.4"]
[White "Mertanen, Janne"]
[Black "Koskinen, Henri"]
[Result "1-0"]
[WhiteElo "2390"]
[BlackElo "2257"]
[PlyCount "51"]
[EventDate "2012.09.28"]
[EventType "team-tourn"]
[EventRounds "11"]
[EventCountry "FIN"]
[SourceTitle "EXT 2014"]
[Source "ChessBase"]
[SourceDate "2013.11.20"]
[SourceVersion "1"]
[SourceVersionDate "2013.11.20"]
[SourceQuality "1"]
[WhiteTeam "Tammer Shakki"]
[BlackTeam "Vantaa"]
[WhiteTeamCountry "FIN"]
[BlackTeamCountry "FIN"]

1. d4 d5 2. c4 c6 3. Nf3 Nf6 4. Qb3 dxc4 5. Qxc4 Bg4 6. Nc3 Nbd7 7. e4 e6 8. Be2 Rc8 9. 0-0 Be7 10. Bg5 0-0 11. Qb3 b5 12. e5 Ne8 13. Bxe7 Qxe7 14. Rac1 Rc7 15. Ne4 f6 16. Nc5 Nb6 17. h3 Bxf3 18. Bxf3 Nc4 19. Be2 fxe5 20. Bxc4 bxc4 21. Qxc4 Rf6 22. dxe5 Rg6 23. f4 Kh8 24. b4 Rc8 25. Qe4 Rd8 26. Qxc6 1-0

[Event "FIN-chT 1213"]
[Site "Finland"]
[Date "2012.11.17"]
[Round "6.4"]
[White "Kilpi, Teemu"]
[Black "Koskinen, Henri"]
[Result "1/2-1/2"]
[WhiteElo "2141"]
[BlackElo "2257"]
[PlyCount "42"]
[EventDate "2012.09.28"]
[EventType "team-tourn"]
[EventRounds "11"]
[EventCountry "FIN"]
[SourceTitle "CBM 151 Extra"]
[Source "ChessBase"]
[SourceDate "2012.12.18"]
[SourceVersion "1"]
[SourceVersionDate "2012.12.18"]
[SourceQuality "1"]
[WhiteTeam "Oulu OSS"]
[BlackTeam "Vantaa"]
[WhiteTeamCountry "FIN"]
[BlackTeamCountry "FIN"]

1. d4 d5 2. c4 e6 3. Nc3 Nf6 4. cxd5 exd5 5. Bg5 Bb4 6. a3 Bxc3+ 7. bxc3 h6 8. Bh4 c6 9. e3 Bf5 10. Bd3 Bxd3 11. Qxd3 Qe7 12. Ne2 Qe4 13. Qxe4+ Nxe4 14. f3 Nd6 15. Kd2 0-0 16. Kd3 Re8 17. Bg3 Nc4 18. e4 Nd7 19. Rhe1 Ndb6 20. Nf4 Rad8 21. Re2 Rd7 1/2-1/2